Premier League Every Goal Scorer (Arsenal) Quiz Stats

 Plays Quiz Updated Jul 28, 2020

Support Sporcle.
Go Orange.
Score 0/127 Timer 15:00
33 Plays Today
Date of First Goal % Correct
September 1999Thierry Henry
93.6%
September 1995Dennis Bergkamp
86.5%
February 2018Pierre-Emerick Aubameyang
85.6%
August 2017Alexandre Lacazette
85%
October 2013Mesut Özil
84%
October 2004Robin van Persie
83%
February 2008Theo Walcott
82.7%
September 1994Tony Adams
81.2%
October 2012Olivier Giroud
80.8%
August 2014Alexis Sánchez
80.8%
October 2000Robert Pires
80.5%
October 2015Joel Campbell
78.8%
August 2004Cesc Fabregas
78.3%
August 1992Ian Wright
78.1%
December 2001Sol Campbell
77.7%
August 1992Kevin Campbell
77.3%
August 2009Aaron Ramsey
76.1%
December 1996Patrick Vieira
76.1%
September 2000Ashley Cole
75.8%
July 2020Bukayo Saka
72.9%
February 2015Héctor Bellerín
72.5%
November 2012Per Mertesacker
72.4%
September 1998Fredrik Ljungberg
71.3%
September 2010Laurent Koscielny
70.1%
September 2016Granit Xhaka
69.6%
February 2012Alex Oxlade-Chamberlain
69.4%
April 1995Lee Dixon
68.5%
October 2019David Luiz
68.1%
November 2010Jack Wilshere
68.1%
September 2019Nicolas Pépé
68%
December 1994Martin Keown
67.6%
September 2012Santi Cazorla
67%
March 2008Bacary Sagna
66.7%
August 1992Ray Parlour
65.1%
February 2006Emmanuel Adebayor
65.1%
August 1997Marc Overmars
64.8%
September 2002Kolo Toure
64.6%
August 2003Gilberto Silva
64.1%
November 2008Gael Clichy
64%
March 2009Andrey Arshavin
63.9%
March 2013Nacho Monreal
63.3%
April 1998Emmanuel Petit
63.3%
January 2017Shkodran Mustafi
63%
Date of First Goal % Correct
August 2008Samir Nasri
62.8%
August 1992Nigel Winterburn
62.6%
September 2000Sylvain Wiltord
62.2%
March 2012Kieran Gibbs
61.5%
July 2020Kieran Tierney
60.6%
February 2007Tomas Rosicky
60.2%
August 2000Bisan Lauren
59.9%
November 1997Nicolas Anelka
59.4%
September 2012Lukas Podolski
59.2%
December 2007Nicklas Bendtner
58.9%
September 2011Mikel Arteta
58.5%
March 1999Nwankwo Kanu
58.1%
March 2002Edu
58%
September 2014Danny Welbeck
57.9%
October 1992Alan Smith
56.7%
August 2009Thomas Vermaelen
56.2%
May 2004Jose Antonio Reyes
55.7%
April 2019Sokratis Papastathopoulos
55.6%
April 2009Alex Song
54.6%
June 2020Joseph Willock
54.6%
August 1992Steve Bould
54.5%
March 2016Alex Iwobi
54.5%
December 2018Lucas Torreira
53.6%
September 2006William Gallas
52.9%
November 2014Calum Chambers
52.1%
October 2017Sead Kolašinac
52%
April 2006Abou Diaby
51.3%
December 2019Martinelli
51.2%
May 2005Mathieu Flamini
50.8%
August 1992Paul Merson
50.8%
July 2020Reiss Nelson
50.6%
December 2018Ainsley Maitland-Niles
49.9%
May 2019Eddie Nketiah
48.2%
September 2008Emmanuel Eboue
47.7%
August 2010Marouane Chamakh
47.1%
January 2006Alexander Hleb
46.4%
March 2018Henrikh Mkhitaryan
44%
October 2005Philippe Senderos
42.9%
August 2008Denilson
42.5%
December 2007Eduardo
42.1%
May 2014Carl Jenkinson
41.2%
September 2011Gervinho
41.1%
September 2001Francis Jeffers
38.9%
Date of First Goal % Correct
March 2003Pascal Cygan
37.9%
December 2014Mathieu Debuchy
37.5%
February 2011Johan Djourou
37.4%
October 2011Andre Santos
35.8%
July 2020Cédric Soares
34.7%
May 2009Carlos Vela
34.3%
August 1995David Platt
33.4%
February 1998Gilles Grimandi
33.3%
May 2000Silvinho
33.1%
October 2008Mikael Silvestre
32%
February 2011Sebastien Squillaci
31.8%
November 2014Yaya Sanogo
31.7%
December 2011Yossi Benayoun
31.6%
January 1995John Hartson
31.6%
March 1998Christopher Wreh
31.4%
March 2007Julio Baptista
31.4%
January 2002Giovanni van Bronckhorst
29.1%
January 2017Lucas Pérez
28.9%
September 2013Serge Gnabry
28.6%
September 1999Davor Suker
28.4%
May 2003Jermaine Pennant
27.1%
August 1992Anders Limpar
26.6%
August 2002Jeremie Aliadiere
26.4%
December 1994John Jensen
26.3%
December 2015Gabriel Paulista
23.8%
March 1997Stephen Hughes
22%
December 1994Paul Davis
19.8%
January 2007Justin Hoyte
18.4%
February 1993Andy Linighan
17.5%
January 2010Fran Merida
17.3%
March 1995Steve Morrow
15.9%
January 1996Glenn Helder
15.6%
January 1993David Hillier
15.1%
May 1993Paul Dickov
14.9%
October 1994Stefan Schwarz
14%
February 1995Chris Kiwomya
13.9%
March 1993Jimmy Carter
10.2%
May 2000Stefan Malz
9.8%
March 1996Scott Marshall
9.5%
September 2000Paolo Vernazza
9.5%
December 1996Paul Shaw
9.4%

You're not logged in!

Compare scores with friends on all Sporcle quizzes.
OR
Log In

From the Vault

Barney's I Love You Song

by triviahappy

Yes, we feel a little bad about getting this song stuck in your head, but we did it anyway.
Remove Ads.
Support Sporcle.
Get the best of Sporcle when you Go Orange. This ad-free experience offers more features, more stats, and more fun while also helping to support Sporcle. Thank you for becoming a member.

Show Comments

Extras

Top Quizzes Today


Score Distribution

Your Account Isn't Verified!

In order to create a playlist on Sporcle, you need to verify the email address you used during registration. Go to your Sporcle Settings to finish the process.

Report this User

Report this user for behavior that violates our Community Guidelines.

Details: